000 00804nam a22002057a 4500
999 _c4410
_d4410
003 AR-CdUCM
008 190308b ||||| |||| 00| 0 spa d
040 _aMUNICIPALIDAD PROVINCIAL DEL CUSCO
_cBIBLIOTECA MUNICIPAL DEL CUSCO
082 _a720.1 /
_bN47
100 _aNeutra, Richard
_913899
245 _aPlanificar para sobrevivir /
260 _aMexico :
_bFCE,
_c1957.
300 _a460 páginas ;
_bFotografías.
_c22 cm.
505 _aLos actos del cerebro humano alteran y deforman continuamente el medio natural -- Es posible la planeación -- La humanidad navega precariamente hacia su posible supervivencia...
650 _aDesarrollo social.
_91131
650 _aHumanidad.
_94969
700 _aGutierrez Heras, Joaquin (traductor)
_913900
942 _2ddc
_cLIBROS
945 _awfj
_d2019-03-08